00852naa#a2200229#i#4500001001600000005001700016011001400033100004100047102000700088200012500095210011000220215001000330608002700340675012000367700001400487700001800501700001700519700001900536700001900555700001800574856003000592EN\\bibl\12338420260705232029.7##a1994-4683##a20230731b2023####ek#y0engy0150####ca##aRU1#aMETHODOLOGICAL ASPECTS OF TEACHING STUDENTS IN THE FIELD OF ENSURING CYBER SECURITY IN OPTIONAL CLASSESeJournal article1#aMoscowcNational State University of Physical Education, Sports and Health named after P.F. Lesgaftd2023##a3 с.##aJournal article2local##aПрофессорско-преподавательский состав и научный персонал. 378.12#1aZuevgA V#1aBesedinagV A#1aBorodingM P#1aGaraganovgA V#1aNikolaevagN V#1aPlatonovgA V4#auchzapiski.lesgaft.spb.ru